000
00333nam a2200133Ia 4500
999
_c
14084
_d
14084
003
OSt
005
20260327152329.0
008
260210s9999 xx 000 0 und d
020
_a
97875611372771
100
_a
Chun Li
245
0
_a
Big Business II: The Best Globe Brand Design Z/Z
260
_b
Dalian University
942
_c
BDES
_2
ddc